000 00806nmm a2200253 a 4500
001 ocm000701977
003 TR-IsHL
005 20201028124333.0
008 130902s2003 tu tur
007 cr cn
035 _a701977
_b(N$T)
050 0 4 _aHD2346.T9
_bE36 2003
090 0 4 _aHD2346.T9
_bE36 2003
245 1 0 _aEkonomik eğilim anketi
_h[electronic resource]
250 _a1. bs.
260 _aİstanbul :
_bİstanbul Ticaret Odası,
_c2003
300 _a17 p.
650 4 _aEkonomi ve Finans
650 4 _aEconomics and Finance
650 0 _aEkonomik eğilim
_x Türkiye
650 0 _aEconomic trend
_x Turkey
650 7 _aBUSINESS & ECONOMICS / Economics / General
_2bisacsh
856 4 0 _uhttp://search.ebscohost.com/login.aspx?direct=true&scope=site&db=e011xww&AN=701977
999 _c2897
_d2897